LEADER 01039nam0-2200289---450- 001 990008524660403321 005 20080418101757.0 035 $a000852466 035 $aFED01000852466 035 $a(Aleph)000852466FED01 035 $a000852466 100 $a20070608d1914----km-y0itay50------ba 101 0 $aita 102 $aIT 105 $aa---j---001yy 200 1 $aGuida metodica per gli insegnanti che seguono l'Atlante scolastico di geografia moderna di Olinto Marinelli$fOlinto Maronelli e Leonardo Ricci 210 $aMilano ; Roma ; Napoli$cAlbrighi Segati$cVallardi$d1914 215 $aVIII, 136 p.$cill.$d26 cm 700 1$aMarinelli,$bOlinto$f<1874-1926>$08096 701 1$aRicci,$bLeonardo$f<1877-1967 ;$cgeografo>$0429832 801 0$aIT$bUNINA$gRICA$2UNIMARC 901 $aBK 912 $a990008524660403321 952 $aX-05-002(4)$bIst. s.i.$fILFGE 959 $aILFGE 996 $aGuida metodica per gli insegnanti che seguono l'Atlante scolastico di geografia moderna di Olinto Marinelli$9733216 997 $aUNINA LEADER 01848oam 2200505M 450 001 9910716169403321 005 20200213070914.9 035 $a(CKB)5470000002518419 035 $a(OCoLC)1065603522 035 $a(OCoLC)995470000002518419 035 $a(EXLCZ)995470000002518419 100 $a20071213d1926 ua 0 101 0 $aeng 135 $aurcn||||||||| 181 $ctxt$2rdacontent 182 $cc$2rdamedia 183 $acr$2rdacarrier 200 10$aBridge across the Wabash River, Vincennes, Ind. March 3 (calendar day, March 4), 1926. -- Ordered to be printed 210 1$a[Washington, D.C.] :$c[U.S. Government Printing Office],$d1926. 215 $a1 online resource (2 pages) 225 1 $aSenate report / 69th Congress, 1st session. Senate ;$vno. 255 225 1 $a[United States congressional serial set ] ;$v[serial no. 8524] 300 $aBatch processed record: Metadata reviewed, not verified. Some fields updated by batch processes. 300 $aFDLP item number not assigned. 517 $aBridge across the Wabash River, Vincennes, Ind. March 3 606 $aBridge construction industry 606 $aBridges$xDesign and construction 606 $aBridges 606 $aLegislative amendments 608 $aLegislative materials.$2lcgft 615 0$aBridge construction industry. 615 0$aBridges$xDesign and construction. 615 0$aBridges. 615 0$aLegislative amendments. 701 $aBingham$b Hiram$f1875-1956$pRepublican (CT)$0463205 801 0$bWYU 801 1$bWYU 801 2$bOCLCO 801 2$bOCLCQ 801 2$bOCLCO 801 2$bOCLCQ 906 $aBOOK 912 $a9910716169403321 996 $aBridge across the Wabash River, Vincennes, Ind. March 3 (calendar day, March 4), 1926. -- Ordered to be printed$93490981 997 $aUNINA LEADER 02794nam 2200637Ia 450 001 9910782740003321 005 20230207230037.0 010 $a1-315-59731-4 010 $a1-317-09040-3 010 $a1-317-09039-X 010 $a1-281-96871-4 010 $a9786611968717 010 $a0-7546-8072-X 035 $a(CKB)1000000000707580 035 $a(EBL)438569 035 $a(OCoLC)322495760 035 $a(SSID)ssj0000208159 035 $a(PQKBManifestationID)11169027 035 $a(PQKBTitleCode)TC0000208159 035 $a(PQKBWorkID)10238654 035 $a(PQKB)10408490 035 $a(Au-PeEL)EBL438569 035 $a(CaPaEBR)ebr10273836 035 $a(CaONFJC)MIL941543 035 $a(MiAaPQ)EBC438569 035 $a(EXLCZ)991000000000707580 100 $a20080710d2009 uy 0 101 0 $aeng 135 $aur|n|---||||| 181 $ctxt 182 $cc 183 $acr 200 10$aNarrative-based practice$b[electronic resource] /$fby Peter Brophy 210 $aAldershot, Hants, England ;$aBurlington, VT $cAshgate Pub.$d2009 215 $a1 online resource (198 p.) 300 $aDescription based upon print version of record. 311 $a0-7546-7159-3 320 $aIncludes bibliographical references and index. 327 $aCover; Contents; List of Figures; Preface; 1 Evidence-based Practice; 2 Theorectical Background; 3 The Nature of Narrative; 4 Learning; 5 Knowledge and Knowledge Management; 6 Narrative in Virtual Worlds; 7 Narrative in Organisations; 8 Narrative-based Practice; Appendix 1 Telling the Story; Appendix 2 The History of the Future: Storytelling in Team Building and Forward Planning; Appendix 3 'I, the Customer': Using Storytelling to Reach Understanding of Customer Experiences; Bibliography; Index 330 $aIn this important new book Peter Brophy introduces and explains the concept of story-telling or narrative-based practice in teaching, research, professional practice and organizations. This book will be essential reading for professionals, scholars and students in the many disciplines currently using evidence-based practice, such as information management, health, social policy, librarianship and general management. 606 $aDiscourse analysis, Narrative$xSocial aspects 606 $aNarration (Rhetoric)$xSocial aspects 606 $aStorytelling 615 0$aDiscourse analysis, Narrative$xSocial aspects. 615 0$aNarration (Rhetoric)$xSocial aspects. 615 0$aStorytelling. 676 $a001.42 676 $a306.44 700 $aBrophy$b Peter$f1950-$0715550 801 0$bMiAaPQ 801 1$bMiAaPQ 801 2$bMiAaPQ 906 $aBOOK 912 $a9910782740003321 996 $aNarrative-based practice$93723744 997 $aUNINA